| 000 | 00352 a2200157 4500 | ||
|---|---|---|---|
| 001 | 62130 | ||
| 020 | _a9788575031995 | ||
| 040 | _cAnchieta - Pituba | ||
| 100 | _aBarreto, Lima | ||
| 240 | 1 | 0 |
_aO homem que sabia javanês _lpor |
| 245 | 1 | 0 | _aO homem que sabia javanês |
| 300 | _a28 | ||
| 362 | 0 | _a2008 | |
| 650 | 4 | _aLiteratura juvenil | |
| 942 | _cBK | ||
| 999 |
_c62130 _d62130 |
||